Miscellanea Wilbouriana.
Corporate Author:
Format: Journal
Language: English
Published:
Brooklyn, N.Y. :
[Publisher not identified,
1972].
Subjects:
Tags: Add Tag
Call Number: DT59 .B774a 1972 v.1
| LEADER | 00687nas a2200265 4500 | ||
|---|---|---|---|
| 001 | 5382 | ||
| 003 | OSt | ||
| 005 | 20260510112426.0 | ||
| 008 | 130303d19721972nyu 000 0 eng d | ||
| 010 | |a 72075628 | ||
| 022 | |a 0093-4577 | ||
| 040 | |c ARCE Library | ||
| 042 | |a lc |a nsdp | ||
| 043 | |a f-ua--- | ||
| 050 | 4 | |a DT59 .B774a 1972 v.1 | |
| 110 | 2 | |a Brooklyn Museum. | |
| 222 | 0 | |a Miscellanea Wilbouriana. | |
| 245 | 1 | 0 | |a Miscellanea Wilbouriana. |
| 264 | 1 | |a Brooklyn, N.Y. : |b [Publisher not identified, |c 1972]. | |
| 300 | |a 1 volume : |b illustrations ; |c 31 cm. | ||
| 362 | 0 | |a volume 1; 1972. | |
| 651 | 0 | |a Egypt |x Antiquities. | |
| 901 | |a reviewed | ||
| 942 | |c BK |2 lcc | ||
| 999 | |c 9297 |d 9297 | ||
